Your market in Japan : Biotechnology equipment

Đã lưu trong:
書目詳細資料
企業作者: Japan External Trade Organization
格式: 圖書
語言:Undetermined
出版: Tokyo JETRO 1990
主題:
標簽: 添加標簽
沒有標簽, 成為第一個標記此記錄!
Thư viện lưu trữ: Trung tâm Học liệu Trường Đại học Cần Thơ
LEADER 00562nam a2200205Ia 4500
001 CTU_95133
008 210402s9999 xx 000 0 und d
082 |a 338.4 
082 |b J35 
110 |a Japan External Trade Organization 
245 0 |a Your market in Japan : 
245 0 |b Biotechnology equipment 
245 0 |c Japan External Trade Organization 
260 |a Tokyo 
260 |b JETRO 
260 |c 1990 
650 |a Biotechnology,Bioindustry 
650 |z Japan,Japan 
904 |i Năm 
980 |a Trung tâm Học liệu Trường Đại học Cần Thơ